000 00270nam a2200109Ia 4500
008 190216s9999||||xx |||||||||||||| ||und||
100 _aVivekanandan G
245 0 _aJwala Mughikal
260 _bSahithya Pravarthaka Sahakarana Sangam
650 _aKavithkal
942 _cBK
999 _c25854
_d25854